[Event "III President's Cup"]
[Site "Baku AZE"]
[Date "2008.05.15"]
[Round "4"]
[White "Mamedjarova,T"]
[Black "Van Wely,L"]
[Result "1/2-1/2"]
[WhiteElo "2271"]
[BlackElo "2677"]

1.d4 Nf6 2.Nf3 c5 3.e3 e6 4.c4 d5 5.Nc3 cxd4 6.exd4 Bb4 7.cxd5 Nxd5 8.Bd2 O-O
9.Bd3 Nc6 10.O-O Be7 11.Nxd5 Qxd5 12.Qc2 h6 13.Rfd1 Rd8 14.Be4 Qd6 15.Rac1 Nb4
16.Qb3 Qb6 17.Bf4 Nd5 18.Bxd5 Rxd5 19.Qxb6 axb6 20.Ne5 b5 21.a3 g5 22.Bg3 h5
23.h4 gxh4 24.Bf4 Bd8 25.Kh2 Kg7 26.Rc5 Rxc5 27.dxc5 Be7 28.Be3 Ra6 29.Nd7 Rc6
30.b4 e5 31.Nxe5 Ra6 32.Bc1 Bf5 33.Nd7 Re6 34.Rd5 Bg6 35.f4 Be4 36.Rxh5 Rg6
37.Bb2+ f6 38.Rg5 Kf7 39.Rxg6 Kxg6 40.g4 hxg3+ 41.Kxg3 Kf5 42.Nb6 Bc6 43.Nc8 Bf8
44.Nd6+ Bxd6 45.cxd6 Ke6 46.Kh4 Kxd6 47.Bxf6 Ke6 48.Kg5 Be4  1/2-1/2

[Event "III President's Cup"]
[Site "Baku AZE"]
[Date "2008.05.16"]
[Round "5"]
[White "Van Wely,L"]
[Black "Akhmedov,F"]
[Result "1-0"]
[WhiteElo "2677"]
[BlackElo "2235"]

1.d4 Nf6 2.c4 e6 3.Nf3 b6 4.g3 Bb7 5.Bg2 Be7 6.O-O O-O 7.Re1 d5 8.cxd5 exd5
9.Nc3 Nbd7 10.Bf4 Ne4 11.Qb3 Nxc3 12.bxc3 c5 13.Nd2 g5 14.Be3 c4 15.Qb1 f5
16.f4 Rc8 17.Nf3 g4 18.Ne5 Rf6 19.h3 h5 20.Kf2 Nf8 21.Rh1 Qe8 22.a4 a6 23.Rh2 Rc7
24.hxg4 fxg4 25.Qh1 Rf5 26.Bxd5+ Bxd5 27.Qxd5+ Kg7 28.Qe4 Qc8 29.Rah1 Nh7
30.Rxh5 Ng5 31.Rxg5+ Bxg5 32.Rh5  1-0

[Event "III President's Cup"]
[Site "Baku AZE"]
[Date "2008.05.17"]
[Round "6"]
[White "Guliev,Sarh"]
[Black "Van Wely,L"]
[Result "1-0"]
[WhiteElo "2487"]
[BlackElo "2677"]

1.d4 d5 2.c4 c6 3.Nf3 Nf6 4.Nc3 e6 5.Bg5 h6 6.Bxf6 Qxf6 7.e3 Nd7 8.Bd3 dxc4
9.Bxc4 g6 10.O-O Bg7 11.Qe2 O-O 12.Rfd1 Qe7 13.h3 a6 14.Rac1 b5 15.Bd3 c5
16.Be4 Ra7 17.dxc5 Nxc5 18.Nd4 Bd7 19.Bf3 Rc8 20.b4 Na4 21.Nxa4 Rxc1 22.Rxc1 bxa4
23.Qc4 Be5 24.Rb1 Qd6 25.Be2 Kg7 26.Qc5 Qxc5 27.bxc5 Rc7 28.f4 Bf6 29.Rc1 g5
30.g3 Be7 31.c6 Bf6 32.Kf2 Be8 33.Bf3 Kf8 34.Rc4 gxf4 35.gxf4 Ke7 36.Nc2 Bb2
37.Nb4 Kd6 38.Nxa6 Rc8 39.Rc2 a3 40.c7 Bb5 41.Rd2+ Ke7 42.Bb7 Bxa6 43.Bxc8 Bxc8
44.Rd8 Bd7 45.Kf3 e5 46.c8=Q Bxc8 47.Rxc8 exf4 48.Kxf4 Kd6 49.Ke4 Kd7 50.Rc5 Kd6
51.Rh5 Bg7 52.Rf5 Ke6 53.h4 Bf6 54.Rh5 Bg7 55.Ra5 Bf8 56.Ra6+ Bd6 57.h5 f6
58.Kd4 f5 59.Rb6  1-0

[Event "Icelandic Teams 2008-9"]
[Site "Reykjavik ISL"]
[Date "2008.10.04"]
[Round "2"]
[White "Stefansson,H"]
[Black "Van Wely,L"]
[Result "1/2-1/2"]
[WhiteElo "2566"]
[BlackElo "2644"]

1.d4 d5 2.c4 c6 3.Nf3 Nf6 4.Nc3 e6 5.Bg5 h6 6.Bxf6 Qxf6 7.e3 Nd7 8.Bd3 dxc4
9.Bxc4 g6 10.O-O Bg7 11.Rc1 O-O 12.Bb3 Qe7 13.Ne4 b6 14.Ba4 c5 15.Bc6 Rb8
16.Qa4 Nf6 17.Qa3 Rd8 18.Rfd1 Kf8 19.dxc5 Rxd1+ 20.Rxd1 Nxe4 21.Bxe4 bxc5
22.b3 Bf6 23.Nd2 Qc7 24.Nc4 Bd7 25.Bf3 Rd8 26.Na5 Be7 27.Qb2 Kg8 28.Nc4 Bb5  1/2-1/2

[Event "TCh-NED 2008-9"]
[Site "Netherlands NED"]
[Date "2009.04.18"]
[Round "8"]
[White "Werle,J"]
[Black "Van Wely,L"]
[Result "1/2-1/2"]
[WhiteElo "2591"]
[BlackElo "2644"]

1.d4 d5 2.c4 c6 3.Nf3 Nf6 4.e3 a6 5.Bd3 Bg4 6.Nbd2 e6 7.O-O Nbd7 8.h3 Bf5
9.Qc2 Bxd3 10.Qxd3 Be7 11.b3 O-O 12.Bb2 b5 13.c5 a5 14.a4 b4 15.Rad1 Qc7
16.Qc2 Rad8 17.Ne1 e5 18.dxe5 Nxe5 19.Bd4 Rfe8 20.f4 Ned7 21.Nd3 Bf8 22.g4 Ne4
23.Nxe4 Rxe4 24.Nf2 Ree8 25.g5 f5 26.Nd3 g6 27.Qb2 Re6 28.Rf3 Rde8 29.h4 Qd8
30.h5 gxh5 31.Kf2 Qe7 32.Rh1 Bg7 33.Bxg7 Qxg7 34.Qxg7+ Kxg7 35.Rxh5 R8e7
36.Rfh3 Kg8  1/2-1/2

[Event "KUTXA"]
[Site "Donostia ESP"]
[Date "2009.07.14"]
[Round "7"]
[White "Van Wely,L"]
[Black "Hamdouchi,H"]
[Result "0-1"]
[WhiteElo "2655"]
[BlackElo "2589"]

1.d4 d5 2.c4 c6 3.Nf3 Nf6 4.Nc3 dxc4 5.a4 e6 6.e4 Bb4 7.e5 Ne4 8.Qc2 Qd5
9.Be2 b6 10.O-O Nxc3 11.bxc3 Be7 12.Nd2 Ba6 13.Ne4 O-O 14.Ba3 Qd8 15.Nd6 Nd7
16.Bf3 Qc7 17.Qe4 c5 18.Qxa8 Rxa8 19.Bxa8 f6 20.Nb5 Qd8 21.Bc6 fxe5 22.d5 Nf6
23.d6 Bxd6 24.Rfd1 Bxb5 25.axb5 e4 26.g3 e3 27.fxe3 Qc7 28.Ra2 Be5 29.Rad2 h5
30.Bb2 Kh7 31.Kg2 a6 32.Kg1 h4 33.gxh4 axb5 34.Bxb5 Ng4 35.h3 Bh2+ 36.Kh1 Qb7+
37.Rg2 Nxe3 38.Rd2 Bf4 39.Be8 Nxg2 40.Rxg2 Qf3  0-1

[Event "LIII TCh-ESP CECLUB Gp1"]
[Site "Lugo ESP"]
[Date "2009.09.20"]
[Round "1"]
[White "Andres Gonzalez,I"]
[Black "Van Wely,L"]
[Result "0-1"]
[WhiteElo "2361"]
[BlackElo "2650"]

1.e4 c5 2.Nf3 e6 3.d4 cxd4 4.Nxd4 Nf6 5.Nc3 d6 6.Be2 a6 7.O-O Be7 8.f4 O-O
9.Kh1 Qc7 10.Be3 b5 11.Bf3 Bb7 12.a3 Nbd7 13.Qe1 Rfe8 14.Rd1 Rac8 15.Nb3 Qb8
16.Bd4 e5 17.fxe5 Nxe5 18.Qg3 Bf8 19.Qh4 Qc7 20.Nd2 Re6 21.Qf2 Rce8 22.Bb6 Qc8
23.Nb3 Nc4 24.Nd4 Nxb2 25.Rb1 Re5 26.Ncxb5 axb5 27.Rxb2 Qd7 28.Ba5 Nxe4 29.Bxe4 Rxe4
30.Bc3 R8e5 31.Rb4 Qe8 32.Nf5 Re2 33.Nh6+ gxh6 34.Rg4+ Rg5 35.Qf6 Re5 36.Rxg5+ hxg5
37.Bxe5 dxe5 38.Rf5 h6 39.Rxe5 Qd7 40.Qf1 Qd2 41.Re2 Qd5 42.Re3 Bd6 43.Re8+ Kg7
44.Re3 Qd4 45.Re1 Qh4  0-1

[Event "Galicia Festival Blitz"]
[Site "Ourense ESP"]
[Date "2009.09.26"]
[Round "2"]
[White "Van Wely,L"]
[Black "Rodriguez Boado,M"]
[Result "1-0"]
[WhiteElo "2650"]
[BlackElo "2165"]

1.d4 Nf6 2.Nf3 g6 3.c4 d5 4.cxd5 Bg7 5.Qa4+ c6 6.dxc6 Nxc6 7.e3 O-O 8.Be2 e5
9.Nxe5 Nxe5 10.dxe5 Ng4  1-0

[Event "Galicia Festival Blitz"]
[Site "Ourense ESP"]
[Date "2009.09.26"]
[Round "4"]
[White "Van Wely,L"]
[Black "Agrest,E"]
[Result "1/2-1/2"]
[WhiteElo "2650"]
[BlackElo "2588"]

1.d4 d6 2.Nf3 g6 3.c4 Bg7 4.Nc3 Bg4 5.g3 Qc8 6.h3 Bxf3 7.exf3 Nf6 8.Be3 O-O
9.Bg2 c6 10.d5 cxd5 11.cxd5 Na6 12.O-O Qd7 13.Re1 Rfc8 14.g4 Nc5 15.g5 Nh5
16.f4 b5 17.Qg4 Qb7 18.Qe2 b4 19.Ne4 Na4 20.Rab1 Rc7 21.Bf3 Rac8 22.Red1 b3
23.axb3 Qxb3 24.Rd3 Qc2 25.Qxc2 Rxc2 26.b3 Nb2 27.Rd2 Rxd2 28.Bxd2 Nd3 29.Bxh5 gxh5
30.Kf1 Rc2 31.Be3 a5 32.Ng3 Bc3 33.Nxh5 Bd2 34.Ng3 Nxf4 35.Nf5 Bxe3 36.fxe3 Nxd5
37.e4 Nc3 38.Ra1 e6 39.Nxd6 Kg7 40.Rxa5 Ne2 41.Ra7 Kg6 42.Nxf7 Ng3+ 43.Kg1  1/2-1/2

[Event "Galicia Festival Blitz"]
[Site "Ourense ESP"]
[Date "2009.09.26"]
[Round "7"]
[White "Gashimov,V"]
[Black "Van Wely,L"]
[Result "1-0"]
[WhiteElo "2740"]
[BlackElo "2650"]

1.e4 c5 2.Nc3 d6 3.d4 cxd4 4.Qxd4 Nc6 5.Bb5 Bd7 6.Bxc6 Bxc6 7.Bg5 Nf6 8.O-O-O e6
9.f4 Be7 10.Nf3 O-O 11.Qd3 Qc7 12.Nd4 a6 13.Kb1 Rac8 14.h4 b5 15.Nxc6 Qxc6
16.e5 dxe5 17.fxe5 Rfd8 18.Qe2 Rxd1+ 19.Rxd1 Nd5 20.Nxd5 Bxg5 21.Nb4 Qc5
22.Nxa6 Qe3 23.Qxe3 Bxe3 24.Nc7 Bf4 25.Nxb5 Bxe5 26.a4 g5 27.hxg5 Kg7 28.c3 Kg6
29.Kc2 Kxg5 30.b4 h5 31.a5 Rb8 32.a6 Kf6 33.a7 Ra8 34.c4 h4 35.c5 Bf4 36.Kd3 e5
37.Ke4 Kg5 38.Kd5 f5 39.Kc6 e4 40.Kb7 Rxa7+ 41.Kxa7 Kg4 42.c6 e3 43.Nc3 Be5
44.Ne2 h3 45.gxh3+ Kf3 46.Nd4+ Ke4 47.Kb7 f4 48.c7  1-0

[Event "Galicia Festival Blitz"]
[Site "Ourense ESP"]
[Date "2009.09.26"]
[Round "8"]
[White "Van Wely,L"]
[Black "Cifuentes Parada,R"]
[Result "0-1"]
[WhiteElo "2650"]
[BlackElo "2532"]

1.d4 d5 2.c4 c6 3.Nf3 Nf6 4.Nc3 dxc4 5.a4 e6 6.e4 Bb4 7.e5 Nd5 8.Bd2 Nd7
9.Bxc4 N7b6 10.Bd3 a5 11.Ne4 Be7 12.O-O Nb4 13.Bb1 N6d5 14.Bg5 f6 15.exf6 gxf6
16.Bh6 Bf8 17.Nh4 Qc7 18.Ra3 Qf7 19.Bxf8 Kxf8 20.Qd2 Qh5 21.Nf3 Rg8 22.Ng3 Qg4
23.Bxh7 Rh8 24.Qh6+ Qg7 25.Qxg7+ Kxg7 26.Bb1 b6 27.Re1 Rd8 28.h4 Ra7 29.h5 Kh6
30.Bg6 Nf4 31.Bb1 Rg7 32.Rae3 Nxh5 33.Nxh5 Kxh5 34.Re4 Rg4 35.g3 Rxe4 36.Rxe4 Kh6
37.Rh4+ Kg7 38.Rh7+ Kf8 39.Rc7 Bd7 40.Rb7 Nd5 41.Nh4 Be8 42.Be4 b5 43.b3 bxa4
44.bxa4 Nb4 45.Ng6+ Bxg6 46.Bxg6 Rxd4 47.Rf7+ Kg8 48.Rxf6 Kg7 49.Rxe6 c5
50.f4 c4 51.Be4 c3 52.f5 c2 53.Bxc2 Nxc2 54.Kf2 Rxa4 55.Kf3 Nd4+  0-1

[Event "Galicia Festival Blitz"]
[Site "Ourense ESP"]
[Date "2009.09.26"]
[Round "10"]
[White "Pena Gomez,M"]
[Black "Van Wely,L"]
[Result "0-1"]
[WhiteElo "2439"]
[BlackElo "2650"]

1.c4 g6 2.Nc3 Bg7 3.g3 e5 4.Bg2 d6 5.d3 c6 6.e3 f5 7.Nge2 Nf6 8.O-O O-O 9.Rb1 Be6
10.f4 Qe7 11.b4 Kh8 12.b5 c5 13.Ba3 Qc7 14.Nd5 Bxd5 15.cxd5 Nbd7 16.fxe5 Nxe5
17.Nf4 Qa5 18.Qb3 Rf7 19.d4 Ned7 20.Ne6 Rc8 21.Rbc1 Bh6 22.Bb2 Qd2 23.Rce1 c4
24.Qc3 Qxc3 25.Bxc3 Nb6 26.Bb4 Nbxd5 27.Bxd6 Nxe3 28.Be5 Kg8 29.Rf2 Nxg2
30.Kxg2 Nd5 31.Nf4 Bxf4 32.gxf4 Re7 33.Rc1 c3 34.Kf3 Kf7 35.Rfc2 Rc4 36.Rb1 Re8
37.Rb3 Ra4 38.a3 Rc8 39.Ke2 Ke6 40.Kd3 Kd7 41.Rc1 Ra8 42.Rc2 Ke6 43.Rc1 Rc8
44.Rc2 Rg8 45.h4 Rc8 46.Rc1 Ra5 47.Rc2 b6 48.Rc1 Ra4 49.Rc2 Ra8 50.Rc1 a6
51.bxa6 R8xa6 52.Ra1 R6a5 53.Ra2 b5 54.Re2 Rxa3 55.Bc7+ Kd7 56.Bxa5 Rxb3
57.Re5 Kd6 58.Re8 Rb2 59.Bxc3 Rb3 60.Rd8+ Ke6 61.Rc8 b4 62.Rc6+ Kd7 63.Kc4 Rxc3+  0-1

[Event "TCh-NED 2009-10"]
[Site "Netherlands NED"]
[Date "2009.10.31"]
[Round "2"]
[White "Van Wessel,R"]
[Black "Van Wely,L"]
[Result "0-1"]
[WhiteElo "2340"]
[BlackElo "2650"]

1.d4 Nf6 2.c4 g6 3.Nc3 Bg7 4.e4 d6 5.Be2 O-O 6.Nf3 Na6 7.Qc2 Nh5 8.O-O e5
9.dxe5 dxe5 10.Be3 c6 11.c5 Nc7 12.Nd2 Nf4 13.Nc4 Nce6 14.g3 Nd4 15.Bxd4 exd4
16.Rad1 Nh3+ 17.Kg2 Ng5 18.Rfe1 Bh3+ 19.Kg1 Qe7 20.Na4 Qxe4 21.Qxe4 Nxe4
22.f3 Ng5 23.f4 Ne6 24.Bf3 Rad8 25.b4 d3 26.Ne5 d2 27.Re3 g5 28.fxg5 Nxg5
29.Bg2 Bf5  0-1

[Event "TCh-NED 2009-10"]
[Site "Netherlands NED"]
[Date "2010.02.06"]
[Round "6"]
[White "Fridman,Ra"]
[Black "Van Wely,L"]
[Result "0-1"]
[WhiteElo "2456"]
[BlackElo "2650"]

1.d4 Nf6 2.Nf3 c5 3.c4 cxd4 4.Nxd4 e5 5.Nc2 b5 6.Nc3 b4 7.Nd5 Nxd5 8.Qxd5 Nc6
9.b3 Bb7 10.e4 a5 11.Be2 a4 12.O-O Ra5 13.Qd3 Bc5 14.Be3 d6 15.a3 Qa8 16.bxa4 bxa3
17.Bxc5 dxc5 18.Qxa3 O-O 19.f3 Nd4 20.Nxd4 exd4 21.Bd3 Bc6 22.Bc2 Qa6 23.Qb3 Ra8
24.Rfb1 g6 25.Qd3 Bd7 26.Bd1 Be6 27.Rc1 Rb8 28.Rab1 Rxb1 29.Qxb1 Qa7 30.Qa2 Ra6
31.Ra1 Rb6 32.a5 Rb4 33.Be2 Bc8 34.Bd3 Ba6 35.Qe2 Rb3 36.e5 Qd7 37.Ra2 Kf8
38.f4 Qb7 39.f5 Qb4 40.Rc2 gxf5 41.e6 Qb8 42.e7+ Ke8 43.Qf3 Rb1+ 44.Bf1 Qd6
45.Qa8+ Rb8 46.Qf3 Bc8 47.Qd5 Kxe7 48.Re2+ Be6 49.Qxf5 Kd7 50.Qd3 Rb4 51.Rc2 Ra4
52.Qxh7 Qf4 53.Qd3 Ra1 54.g3 Bf5 55.gxf4 Bxd3 56.Rf2 Bxc4 57.Kg2 Bxf1+ 58.Rxf1 Rxa5
59.Kf3 Ra3+ 60.Ke4 Kd6 61.Re1 Rh3 62.Re2 Ke6 63.f5+ Kd6 64.Ra2 Re3+ 65.Kf4 Re1
66.h4 d3 67.h5 c4 68.h6 Rh1 69.Ke4 Kc5  0-1

[Event "TCh-NED 2009-10"]
[Site "Netherlands NED"]
[Date "2010.03.06"]
[Round "7"]
[White "Van Wely,L"]
[Black "Ftacnik,L"]
[Result "1/2-1/2"]
[WhiteElo "2650"]
[BlackElo "2546"]

1.c4 Nf6 2.Nc3 c5 3.g3 e6 4.Nf3 b6 5.Bg2 Bb7 6.O-O Be7 7.d4 cxd4 8.Qxd4 d6
9.Rd1 a6 10.Bg5 Nbd7 11.Qd2 Qc8 12.Bf4 Nc5 13.Qe3 Ng4 14.Qc1 Qc7 15.Qd2 Rd8
16.Ng5 Bxg2 17.Kxg2 Qc6+ 18.Kg1 h6 19.Nf3 Bf6 20.Qc2 Bxc3 21.Qxc3 e5 22.Be3 Na4
23.Qb4 Nxe3 24.fxe3 O-O 25.b3 Nc5 26.Rd5 Ne4 27.Rad1  1/2-1/2

[Event "KNSB Cup"]
[Site "Amersfoort NED"]
[Date "2010.05.13"]
[Round "1.2"]
[White "De Jong,JW"]
[Black "Van Wely,L"]
[Result "0-1"]
[WhiteElo "2444"]
[BlackElo "2653"]

1.d4 d5 2.c4 c6 3.Nc3 Nf6 4.e3 a6 5.Nf3 b5 6.b3 Bg4 7.h3 Bh5 8.g4 Bg6 9.Ne5 e6
10.h4 Bb4 11.Bd2 Bxc3 12.Bxc3 Ne4 13.Bd2 f6 14.Nxg6 hxg6 15.Bg2 f5 16.g5 Qd6
17.Rc1 Nd7 18.Bxe4 fxe4 19.Qg4 bxc4 20.bxc4 Rb8 21.h5 gxh5 22.Rxh5 Ke7 23.Qh4 Rxh5
24.Qxh5 Nf8 25.g6 Kd7 26.cxd5 exd5 27.Ba5 Qxg6 28.Qe5 Qg1+ 29.Ke2 Rb2+ 30.Bd2 Qxc1
31.Qf5+ Ke7 32.Qg5+ Kf7  0-1

[Event "DPMM"]
[Site "Halle GER"]
[Date "2010.05.14"]
[Round "1"]
[White "Lindinger,M"]
[Black "Van Wely,L"]
[Result "0-1"]
[WhiteElo "2293"]
[BlackElo "2653"]

1.e4 c5 2.Nc3 d6 3.Nf3 a6 4.d4 cxd4 5.Nxd4 Nf6 6.Bc4 e6 7.Bb3 Nbd7 8.Bg5 Nc5
9.f4 b5 10.Qf3 Bb7 11.O-O-O Be7 12.Rhe1 O-O 13.a3 Rc8 14.Kb1 Nxb3 15.cxb3 b4
16.axb4 Qb6 17.Nc2 h6 18.Bxf6 Bxf6 19.Qd3 Rfd8 20.Re2 Bc6 21.Qe3 Qb7 22.g4 a5
23.h4 axb4 24.Na2 e5 25.g5 exf4 26.Qxf4 Be5 27.Qe3 h5 28.Naxb4 Bd7 29.Rf2 Rb8
30.Rd5 Be6 31.Ra5 Rd7 32.Ra4 Rc7 33.Rd2 Rc5 34.Ra3 Rb5 35.Ra7 Qc8 36.Ra4 R8b6
37.Rd3 Qb7 38.Qe1 g6 39.Ka2 Bg7 40.Kb1 Kh7 41.Ka2 Rc5 42.Ra3 Bh8 43.Re3 Be5
44.Rd3 Rcb5 45.Ra4 Bg7 46.Re3 Qc7 47.Na3 Re5 48.Nbc2 d5 49.Nd4 Bd7 50.Ra5 Rxe4
51.Rxe4 dxe4  0-1

[Event "DPMM"]
[Site "Halle GER"]
[Date "2010.05.15"]
[Round "2"]
[White "Van Wely,L"]
[Black "Schlosser,P"]
[Result "1-0"]
[WhiteElo "2653"]
[BlackElo "2579"]

1.Nf3 Nf6 2.c4 c5 3.Nc3 Nc6 4.g3 g6 5.Bg2 Bg7 6.d4 cxd4 7.Nxd4 O-O 8.O-O Ng4
9.e3 d6 10.h3 Nge5 11.b3 Bd7 12.Nde2 Na5 13.Ba3 Rb8 14.Rc1 b6 15.Rc2 a6 16.Nd5 Nb7
17.Nd4 Kh8 18.Qe2 Nc6 19.Rd1 Nc5 20.Rcd2 Ne6 21.Nf3 b5 22.c5 Qa5 23.Bb2 Nxc5
24.Bxg7+ Kxg7 25.e4 f6 26.e5 dxe5 27.b4 Nxb4 28.Nxe5 Be8 29.Ng4 Rf7 30.Qe3 Nxd5
31.Bxd5 e6 32.Bg2 b4 33.Ne5 Re7 34.h4 b3 35.Ng4 Rf7 36.axb3 e5 37.Rd5 Qb4
38.Nxe5 Re7 39.Rxc5 Rb5 40.Nd3  1-0

[Event "DPMM Final"]
[Site "Baden Baden GER"]
[Date "2011.05.20"]
[Round "1.2"]
[White "Van Wely,L"]
[Black "Wintzer,J"]
[Result "1-0"]
[WhiteElo "2675"]
[BlackElo "2331"]

1.d4 e6 2.c4 f5 3.g3 Nf6 4.Bg2 d5 5.Nf3 c6 6.O-O Bd6 7.b3 Qe7 8.Ne5 Nbd7
9.Bb2 O-O 10.e3 a5 11.Qc2 Ne4 12.f3 Ng5 13.Re1 Bb4 14.Nc3 a4 15.Nd3 axb3
16.axb3 Rxa1 17.Bxa1 b6 18.Nxb4 Qxb4 19.Rb1 Bb7 20.Ne2 Qd6 21.Qc3 Ra8 22.Nf4 Nf7
23.e4 g5 24.Nh5 Rf8 25.Re1 h6 26.g4 Nd8 27.b4 fxe4 28.fxe4 Ba6 29.c5 Qb8
30.exd5 exd5 31.Qc2  1-0

[Event "TCh-FRA Top 12 2011"]
[Site "Mulhouse FRA"]
[Date "2011.05.27"]
[Round "2.3"]
[White "Battaglini,G"]
[Black "Van Wely,L"]
[Result "0-1"]
[WhiteElo "2412"]
[BlackElo "2675"]

1.d4 Nf6 2.c4 g6 3.Nc3 Bg7 4.e4 d6 5.f3 O-O 6.Be3 c6 7.Qd2 a6 8.a4 a5 9.Bd3 e5
10.d5 Na6 11.Rd1 Nd7 12.Nge2 Ndc5 13.Bc2 Qb6 14.O-O Re8 15.b3 Nb4 16.Bb1 cxd5
17.cxd5 Bd7 18.Nc1 Rac8 19.Nd3 Nbxd3 20.Bxd3 Qxb3 21.Rb1 Qa3 22.Bc2 Rc7 23.Ra1 Qb4
24.Rab1 Nxe4 25.Nxe4 Qxd2 26.Bxd2 Rxc2 27.Bxa5 Ra8 28.Rxb7 Bxa4 29.Bc7 f5
30.Nxd6 Rc5 31.Rfb1 Rf8 32.Ra7 Bc2 33.Rb5 Rc3 34.Bb6 Bd3 35.Rc5 Rb3 36.Rcc7 Bh6
37.Nc8 Rb1+ 38.Kf2 f4 39.g4 fxg3+ 40.hxg3  0-1

[Event "TCh-FRA Top 12 2011"]
[Site "Mulhouse FRA"]
[Date "2011.05.28"]
[Round "3.1"]
[White "Cornette,M"]
[Black "Van Wely,L"]
[Result "1/2-1/2"]
[WhiteElo "2562"]
[BlackElo "2675"]

1.d4 Nf6 2.c4 e6 3.Nc3 Bb4 4.e3 O-O 5.Bd3 c5 6.Nf3 d5 7.O-O cxd4 8.exd4 dxc4
9.Bxc4 b6 10.Qe2 Bb7 11.Rd1 Nbd7 12.d5 exd5 13.Nxd5 Re8 14.Qc2 Nxd5 15.Bxd5 Bxd5
16.Rxd5 Qe7 17.Bg5 f6 18.Rad1 Nf8 19.Be3 Qf7  1/2-1/2

[Event "TCh-FRA Top 12 2011"]
[Site "Mulhouse FRA"]
[Date "2011.05.29"]
[Round "4.3"]
[White "Van Wely,L"]
[Black "Rozentalis,E"]
[Result "1/2-1/2"]
[WhiteElo "2675"]
[BlackElo "2573"]

1.d4 Nf6 2.c4 e6 3.Nf3 b6 4.g3 Bb7 5.Bg2 Be7 6.Nc3 Ne4 7.Bd2 Nxc3 8.Bxc3 Be4
9.O-O O-O 10.Nd2 Bxg2 11.Kxg2 d5 12.e4 c5 13.exd5 exd5 14.Qf3 cxd4 15.Bxd4 Nc6
16.Be3 d4 17.Bf4 Rc8 18.h4 Qd7 19.Rad1 Rfd8 20.Ne4 Qf5 21.b3 d3 22.Nc3 Bf8
23.Nd5 Nb4 24.Nxb4 Bxb4 25.Bd2 Qxf3+ 26.Kxf3 Bxd2 27.Rxd2 Rd7 28.Re1 f6 29.Re3 Rcd8
30.Kg2 h5 31.Kf3 Kf7 32.Kf4 Rd4+ 33.Re4 g5+ 34.Ke3 R4d7 35.hxg5 fxg5 36.Re5 Kf6
37.f4 gxf4+ 38.gxf4 Rh8 39.Rd5 Rxd5 40.cxd5 h4 41.Rxd3  1/2-1/2

[Event "TCh-FRA Top 12 2011"]
[Site "Mulhouse FRA"]
[Date "2011.05.30"]
[Round "5"]
[White "Van Wely,L"]
[Black "Jens,J"]
[Result "1-0"]
[WhiteElo "2675"]
[BlackElo "2376"]

1.c4 Nf6 2.Nc3 d5 3.cxd5 Nxd5 4.Nf3 g6 5.Qc2 Nb4 6.Qa4+ N4c6 7.d4 Bg7 8.Bf4 O-O
9.e3 Nd7 10.Rd1 Nb6 11.Qb3 a5 12.d5 Nb4 13.Be2 e6 14.dxe6 Bxe6 15.Rxd8 Rfxd8
16.Qxe6 fxe6 17.Bxc7 N6d5 18.Bxd8 Nxc3 19.Be7 Nxe2 20.Kxe2 Bxb2 21.Rb1 Bg7
22.a4 Bf8 23.Bxf8 Kxf8 24.Rc1 b5 25.axb5 a4 26.b6 Rb8 27.Ne5 Kg7 28.Rc7+ Kh6
29.f4 Nd5 30.Ra7 Rxb6 31.g4 g5 32.h4  1-0

[Event "11th Curacao Open"]
[Site "Curacao AHO"]
[Date "2011.07.23"]
[Round "2"]
[White "Wagenaar,H"]
[Black "Van Wely,L"]
[Result "0-1"]
[WhiteElo "2084"]
[BlackElo "2683"]

1.d4 Nf6 2.Nf3 g6 3.c3 Bg7 4.Bg5 d6 5.Nbd2 h6 6.Bh4 g5 7.Bg3 Nh5 8.e4 e6
9.Ng1 Nxg3 10.hxg3 Nd7 11.Qc2 a6 12.a4 b6 13.Bc4 Bb7 14.Ne2 Nf6 15.f3 c5
16.dxc5 bxc5 17.Rd1 Qc7 18.Kf2 O-O 19.Ba2 d5 20.Bb1 dxe4 21.Nxe4 Bxe4 22.fxe4 Ng4+
23.Kf3 f5 24.exf5 exf5 25.Rd5 Qc6 26.c4 Rae8  0-1

[Event "11th Curacao Open"]
[Site "Curacao AHO"]
[Date "2011.07.28"]
[Round "6"]
[White "Blijstra,Wim"]
[Black "Van Wely,L"]
[Result "0-1"]
[WhiteElo "2239"]
[BlackElo "2683"]

1.Nf3 Nf6 2.c4 e6 3.d4 c5 4.d5 d6 5.Nc3 exd5 6.cxd5 g6 7.e4 Bg7 8.Bd3 a6
9.a4 Bg4 10.h3 Bxf3 11.Qxf3 O-O 12.O-O Nbd7 13.Qd1 Re8 14.Re1 Rc8 15.a5 c4
16.Bc2 Rc5 17.Ra4 Qc7 18.Bf4 Nh5 19.Bh2 Be5 20.Bxe5 Nxe5 21.Qd2 Rxa5 22.Rea1 Rxa4
23.Rxa4 Qc5 24.Ne2 Nf6 25.Qb4 Qxb4 26.Rxb4 b5 27.f3 Nxf3+  0-1

[Event "11th Curacao Open"]
[Site "Curacao AHO"]
[Date "2011.07.30"]
[Round "8"]
[White "Van Woerden,M"]
[Black "Van Wely,L"]
[Result "0-1"]
[WhiteElo "2074"]
[BlackElo "2683"]

1.e4 c5 2.Nf3 d6 3.d4 cxd4 4.Nxd4 Nf6 5.Nc3 a6 6.Be2 e6 7.O-O Qc7 8.a4 Nc6
9.Nb3 b6 10.f4 Be7 11.Be3 O-O 12.g4 Re8 13.g5 Nd7 14.Bf3 Bb7 15.Bg2 Bf8 16.Qd2 Na5
17.Nxa5 bxa5 18.Qf2 Rab8 19.Ba7 Rbc8 20.Bd4 e5 21.Be3 exf4 22.Qxf4 Ne5 23.Bd4 g6
24.Rad1 Bg7 25.Rf2 Re7 26.Nd5 Bxd5 27.exd5 Rb8 28.Bf1 Qc8 29.Kh1 Rc7 30.c3 Qb7
31.Be3 Re8 32.Bg2 Qb3 33.Rdf1 Rce7 34.Qg3 Nd3 35.Qxd6 Nxf2+ 36.Bxf2 Qxb2
37.Qxa6 Re2 38.Qa7 Ra8 39.Qc7 Rf8 40.Qc5 Qxc3 41.d6 Qxc5 42.Bxc5 Rd2 43.Re1 Rc8
44.Ba3 Rc3 45.d7 Rxa3 46.Re8+ Bf8  0-1

[Event "112th US Open"]
[Site "Orlando USA"]
[Date "2011.08.03"]
[Round "2"]
[White "Van Wely,L"]
[Black "Bowersock,Michael"]
[Result "1-0"]
[WhiteElo "2683"]
[BlackElo "2064"]

1.d4 Nf6 2.c4 e6 3.Nf3 b6 4.g3 Ba6 5.b3 Bb4+ 6.Bd2 Be7 7.Nc3 O-O 8.e4 d5
9.cxd5 Bxf1 10.Kxf1 exd5 11.e5 Ne4 12.Qc2 Nxd2+ 13.Qxd2 Qd7 14.Kg2 Nc6 15.h4 Nd8
16.Qd3 Ne6 17.Rac1 Rfe8 18.Ng5 Bxg5 19.hxg5 Nxg5 20.f4 Ne4 21.Nxe4 dxe4 22.Qxe4 f5
23.Qb7 Rab8 24.Qxc7 Qd5+ 25.Kh3 Rbc8 26.Qxc8 Rxc8 27.Rxc8+ Kf7 28.Re1 Ke6
29.Re8+ Kf7 30.Rh8 Qxd4 31.Rxh7 Qc3 32.Re2 Kg8 33.Rh4 Qf3 34.Rg2 Qe4 35.Rh5 b5
36.Kh2 a5 37.Rg5 Kh7 38.Rh5+ Kg8 39.Rd2 g6 40.Rh3 Qe1 41.Rg2 Qe4 42.Rh4 Kg7
43.Rd2 Qe1 44.Rc2 Qe4 45.Rg2 Kg8 46.e6 Qxe6 47.g4 Qe7 48.Rh3 Qe4 49.gxf5 Qxf4+
50.Rhg3 Qxf5 51.Rxg6+ Kf7 52.R6g5 Qf4+ 53.Kh3 Qf3+ 54.Kh4 Qe4+ 55.R5g4 Qh7+
56.Kg5 Ke6 57.Kf4 Qc7+ 58.Ke4 Qe5+ 59.Kd3 Qf5+ 60.Ke3 Qc5+ 61.Kd2 b4 62.Rg6+ Kf7
63.Rg7+ Kf8 64.R7g4 Qc3+ 65.Ke2 Kf7 66.Rf2+ Ke6 67.Rc4 Qe5+ 68.Kd1 Qa1+ 69.Rc1 Qd4+
70.Ke1 Qh4 71.Rc6+ Kd5 72.Rc4 Qh1+ 73.Kd2 Qh6+ 74.Rcf4 Kc5 75.Kc2 Qh7+ 76.Rf5+ Kb6
77.Kb2 Qh8+ 78.Rf6+ Kb7 79.a3 Kc7 80.Ka2 Qh1 81.R6f5 Kb6 82.Rg5 Qh6 83.Rfg2 Qh1
84.R5g4 Qe1 85.Rg6+ Kc7 86.Rg7+ Kd6 87.R7g6+ Kd7 88.Rh2 Ke7 89.Ra6 Qe4 90.Rh7+  1-0

[Event "112th US Open"]
[Site "Orlando USA"]
[Date "2011.08.04"]
[Round "4"]
[White "Van Wely,L"]
[Black "Battaglini,G"]
[Result "1-0"]
[WhiteElo "2683"]
[BlackElo "2407"]

1.d4 Nf6 2.c4 e6 3.Nf3 d5 4.Nc3 Bb4 5.cxd5 exd5 6.Bg5 Nbd7 7.Qc2 c5 8.a3 Bxc3+
9.Qxc3 h6 10.Bxf6 Qxf6 11.e3 O-O 12.Bb5 b6 13.O-O a6 14.Be2 Bb7 15.Rfc1 c4
16.a4 b5 17.b3 Rfe8 18.Nd2 Qd6 19.bxc4 bxc4 20.e4 dxe4 21.Nxc4 Qe6 22.Rab1 Rab8
23.Ne3 Rec8 24.Bc4 Qe7 25.Rxb7 Rxb7 26.Bxf7+ Qxf7 27.Qxc8+ Nf8 28.Qc2 Qg6
29.h3 Kh7 30.Qc8 Rf7 31.Rc6 Qg5 32.Rxa6 Qf4 33.Qc2 Rd7 34.d5 Ng6 35.g3 Qf3
36.Rxg6  1-0

[Event "112th US Open"]
[Site "Orlando USA"]
[Date "2011.08.05"]
[Round "4"]
[White "Sadorra,J"]
[Black "Van Wely,L"]
[Result "1/2-1/2"]
[WhiteElo "2495"]
[BlackElo "2683"]

1.d4 Nf6 2.c4 g6 3.Nc3 Bg7 4.e4 d6 5.f4 O-O 6.Nf3 Na6 7.Bd3 e5 8.fxe5 dxe5
9.d5 c6 10.O-O Nc5 11.Be3 Qa5 12.Bc2 cxd5 13.cxd5 Ng4 14.Bd2 Qb6 15.Kh1 Bd7
16.h3 Nf6 17.b4 Qxb4 18.Na4 Qa3 19.Bc1 Qxa4 20.Bxa4 Bxa4 21.Qe1 Bb5 22.Ba3 Nfxe4
23.Nd2 Nxd2 24.Qxd2 b6 25.Rfc1 e4 26.Bb2 Bxb2 27.Qxb2 Bd3 28.a4 Rab8 29.Ra3 a5
30.Qd4 Rfe8 31.Rac3 Rbd8 32.Kh2 Rd6 33.Rxc5 bxc5 34.Rxc5 Rd7 35.Qc3 Ba6 36.Qxa5 Bd3
37.Qc3 Ba6 38.Qa5 Bd3 39.Qc3 Ba6 40.Qe3 Bb7 41.a5 Rxd5 42.Rc7 Rd3 43.Qc5 Bd5
44.a6 Kg7 45.Qb5 Rd8 46.Qb2+ Kg8 47.a7 Rb3 48.Qd4 Rd3 49.Qf6 Rf8 50.h4 h5
51.Rc5 Ba8 52.Rb5 Rdd8 53.Kg3 e3 54.Re5 Rde8 55.Qg5 e2 56.Qe3 Rxe5 57.Qxe5 f6
58.Qxe2 Kg7 59.Qe3 Kf7 60.Qb3+ Ke7 61.Qb4+ Kf7 62.Qc4+ Kg7 63.Qc7+ Rf7 64.Qb8 Rf8
65.Kf2 Kf7 66.Qc7+ Kg8 67.Qe7 Bd5 68.g3 Ba8 69.Ke3 Bd5 70.Kf4 Ba8 71.Ke3 Bd5
72.Kf4 Ba8 73.g4 hxg4 74.Kxg4 Bh1 75.h5 gxh5+ 76.Kxh5 Rf7 77.Qe1 Rxa7  1/2-1/2

[Event "112th US Open"]
[Site "Orlando USA"]
[Date "2011.08.05"]
[Round "7"]
[White "Van Wely,L"]
[Black "Harmon,L"]
[Result "1-0"]
[WhiteElo "2683"]
[BlackElo "2184"]

1.d4 Nf6 2.c4 e6 3.Nf3 b6 4.g3 Bb7 5.Bg2 Be7 6.O-O O-O 7.Re1 Ne4 8.Qc2 f5
9.a3 Bf6 10.b4 c5 11.Bb2 d6 12.Nfd2 Bxd4 13.Bxd4 cxd4 14.Nxe4 fxe4 15.Bxe4 Bxe4
16.Qxe4 Qf6 17.f4 Nd7 18.Nd2 Rae8 19.Qc6 Qe7 20.Ne4 e5 21.Nxd6 Rd8 22.e3 Kh8
23.c5 Qf6 24.Rad1 bxc5 25.bxc5 g5 26.exd4 gxf4 27.Rf1 Qg7 28.Qd5 exd4 29.Qxd4 Ne5
30.Rxf4 Rxf4 31.Qxf4 Rf8 32.Nf5 Qf6 33.Rd5 Nc6 34.Qd6 Qa1+ 35.Kg2 Qb2+ 36.Kh3 Qf6
37.Qxf6+ Rxf6 38.g4 Kg8 39.Kg3 Kf8 40.Kf4 a5 41.h4 Re6 42.Rd6 Rxd6 43.cxd6 Nb8
44.g5 Nd7 45.h5 Kf7 46.Nd4 a4 47.Kf5 Nc5 48.Nc6  1-0